Canciones por artista #2 - Estadísticas

Estadísticas generales
  • Esta prueba ha sido intentada 345 veces
  • La puntuación promedio es 38 de 60
Estadísticas de respuestas
Pregunta Azulejo Select % Correcto
Taylor Swift Shake It Off
97%
Taylor Swift HOT TO GO! No
95%
Taylor Swift good 4 u No
94%
Raphael Corazón Partío No
83%
Taylor Swift Dumb Lovers No
83%
Sabrina Carpenter Fly High No
82%
Sabrina Carpenter Espresso
80%
Frank Sinatra Hound Dog No
80%
Frank Sinatra La Vie En Rose No
80%
Raphael Mi gran noche
80%
BTS Dynamite
79%
Sabrina Carpenter Like a Mermaid No
79%
Taylor Swift Look What You Made Me Do
79%
Taylor Swift we fell in love in october No
79%
Raphael Me gustas mucho No
78%
Sabrina Carpenter Saturday Party No
78%
Taylor Swift Sweet Night No
78%
Sabrina Carpenter Please Please Please
77%
Frank Sinatra Cheek to Cheek No
76%
BTS Sweet Venom No
76%
Raphael Amante bandido No
74%
Taylor Swift Anti-Hero
74%
BTS God's Menu No
74%
Sabrina Carpenter Little Dreams No
74%
Sabrina Carpenter Smoothie No
74%
BTS Super No
74%
Sabrina Carpenter Talking To Myself No
74%
Raphael Un beso y una flor No
73%
Taylor Swift You Belong With Me
73%
BTS Chasing That Feeling No
72%
Frank Sinatra Fly Me to the Moon
72%
Frank Sinatra Viva Las Vegas No
72%
Raphael Un velero llamado libertad No
70%
Frank Sinatra The Lady Is a Trump No
69%
Frank Sinatra New York, New York
67%
BTS Back for More (feat. Anitta) No
65%
Sabrina Carpenter Taste
65%
Raphael ¿Y cómo es él? No
63%
BTS Chk Chk Boom No
62%
Raphael Yo soy aquel
61%
Taylor Swift midnight love No
59%
Raphael Escándalo
58%
BTS Butter
54%
Frank Sinatra My Way
49%
Frank Sinatra What a Wonderful World No
48%
Sabrina Carpenter Nonsense
47%
Raphael Digan lo que digan
45%
Taylor Swift Delicate
44%
Frank Sinatra That's Life
38%
BTS DNA
36%
Frank Sinatra Chicago
35%
Raphael Como yo te amo
34%
BTS Go go
26%
Taylor Swift Guilty as Sin?
26%
BTS Permission to Dance
24%
Sabrina Carpenter Lie To Girls
22%
BTS Black Swan
21%
Frank Sinatra I've Got You Under My Skin
19%
Sabrina Carpenter Paris
16%
Raphael En carne viva
15%
No se encontraron pruebas coincidentes
Distribución de puntuación
Porcentaje de gente con cada puntuación
Porcentaje por número respondido
Historial de tus puntuaciones
No has intentado esta prueba.